Indonesian Writing in Translation

Podrobná bibliografia
Hlavný autor: Stiller, Robert (Autor)
Médium: Článok
Jazyk:angličtina

MARC

LEADER 00000nab a2200000ua 4500
001 vtls010839635
003 SK-MaSNL
005 20260303144216.0
008 230222s1968 xo |||||||||||||||||eng|
035 |a (urnnbn)urn:nbn:sk:snk:ar-a06wua 
035 |a urn:nbn:sk:snk-ab62lv 
035 |a (uuid)b51d6402-2adb-4205-bedf-70eb44ea41d6 
040 |a SNKBUCL  |b slo  |c SNKBUCL  |e AACR2 
041 0 |a eng 
044 |a xo  |c SK 
100 1 |a Stiller, Robert  |4 aut  |9 721511 
245 1 0 |a Indonesian Writing in Translation  |c Robert Stiller 
773 0 |t Asian and African studies  |g Roč. 4, č. 1 (1968), s. 140-147 
958 |a OND 
958 |a EUIPO 
958 |a article5 
999 |c 1995513  |d 1997443